| 000 | 00545nam a22001817a 4500 | ||
|---|---|---|---|
| 003 | 3228 | ||
| 005 | 20250919121238.0 | ||
| 008 | eng | ||
| 020 | _a9781401929039 | ||
| 040 |
_aRDA _beng _c3228 _d3228 |
||
| 050 | _a158.1 WILS | ||
| 100 |
_9196675 _aHeather Marie Wilson |
||
| 245 |
_aSeeds of freedom _bcultivating a life that matters _cHeather Marie Wilson |
||
| 260 |
_aCarlsbad California _bHay House, Inc. _c2011 |
||
| 300 |
_axxii, 209 pages _c23 centimeters |
||
| 650 | 0 |
_9181711 _aQuality of life _xEvaluation |
|
| 942 |
_2ddc _cBOOK _k158.1 _mWILS _w170 _xBusisiwe Dlamini _y170 _zBusisiwe Dlamini |
||
| 999 |
_c786171 _d786170 |
||